John Michael Montgomery Songs - Statistics

General Stats
  • This quiz has been taken 8 times
  • The average score is 2 of 7
Answer Stats
Hint Answer % Correct
6 Sold (The Grundy County Auction Incident)
83%
3 Be My Baby Tonight
33%
2 I Swear
33%
7 The Little Girl
33%
5 I Can Love You Like That
17%
1 I Love The Way You Love Me
17%
4 If You've Got Love
0%
No matching quizzes found
Score Distribution
Percent of People with Each Score
Percentile by Number Answered
Your Score History
You have not taken this quiz